000 00575nam a22002537a 4500
003 UA-OsUOA
001 22651
007 ta
008 20031223b un ||||| |||| 00| 0 ukr d
100 _aФрейд З.
090 _a159.963
_bФ86
942 _cBK
040 _aUA-OsUOA
_brus
_cUA-OsUOA
_dUA-OsUOA
245 _aТолкование снов
300 _a224 с.
955 _a0
041 _arus
080 _a159.963
020 _a5-04-00284-7
260 _aМосква
_bЭксмо-Пресс
_c1999
044 _aRU
650 7 _2UDC
999 _c308876
_d308876